Music Quiz

Random Music or Grab Bag Quiz
Score 0/12 Timer 03:00
0 Plays Today
% Correct
KRYPTONite
83.2%
Heart of GOLD
82.3%
My IRON Lung
82.3%
A NICKEL for the Fiddler
75%
Love Is Like OXYGEN
74.8%
Gunpowder & LEAD
71.9%
SILVER Screen Romance
70%
LITHIUM
66.3%
One TIN Soldier
(The Legend of Billy Jack)
60.2%
NEON Knights
52.8%
MERCURY Blues
45.5%
Magneto and TITANIUM Man
39.2%
Remove Ads.
Support Sporcle.
Get the best of Sporcle when you Go Orange. This ad-free experience offers more features, more stats, and more fun while also helping to support Sporcle. Thank you for becoming a member.

You're not logged in!

Compare scores with friends on all Sporcle quizzes.
OR
Log In

Show Comments

Extras

Top Quizzes Today


Score Distribution

Your Account Isn't Verified!

In order to create a playlist on Sporcle, you need to verify the email address you used during registration. Go to your Sporcle Settings to finish the process.

Report this User

Report this user for behavior that violates our Community Guidelines.

Details: